000 00485nam a2200181Ia 4500
001 24126
005 20260414151022.0
008 260414t2023||||xx |||||||||||||| ||spa||
041 _aESP
082 _a780.985
_bE16
100 _aEchecopar Mongilardi, Javier,
_eAUT
245 0 _aLa música del Perú :
_bras los códigos de nuestras identidades culturales
260 _c2023
300 _a624 páginas :
_c24 cm.
650 _aABD
654 _aCAU
942 _cLIB
_dJUS
_fJUS
_2ddc
_n
999 _c24126
_d24126